000 00709cam a2200241 4500
008 000000n2000 000 0 eng u
020 _a186017879X
035 _a(Sirsi) u110138
050 _a620.192
100 _aHurley, S. A.
245 4 _aThe use of epoxy, polyester and similar reactive polymers in construction: Volume 3: Materials technology
260 _aLondon
_bCIRIA
_c2000
300 _a169p. ; 30cm.
350 _a15.00
490 _aCIRIA Project Report
_v79
650 _aPOLYMERS
650 _aBUILT ENVIRONMENT-BUILDING MATERIALS
650 _aRESINS
650 _aBUILDING COMPONENTS
650 _aTECHNOLOGY
690 _aBUILT ENVIRONMENT-BUILDING MATERIALS
942 _n0
999 _c101063
_d101063